| 000 | 01896nam a2200253Ia 4500 | ||
|---|---|---|---|
| 003 | Ost | ||
| 005 | 20260507074942.0 | ||
| 008 | 260507s9999||||xx |||||||||||||| ||und|| | ||
| 040 | _cfsecg | ||
| 041 | _aara | ||
| 082 | _a337.1 | ||
| 100 |
_aابوحرب، عثمان خالد _eمؤلف |
||
| 245 | 0 |
_aالاقتصاد الدولي / _c عثمان خالد ابوحرب |
|
| 260 |
_aعمان: _bدار اسامة, _c2007 |
||
| 300 |
_a304 صفحة؛ _bإيضاحات ؛ _c24 سم |
||
| 504 | _aبيبليوغرافيا ص.296 | ||
| 520 | _aيعرض هذا لكتاب في طياته مايلي مدخل الى علم الاقتصاد /تعاريف و مفاهيم اقتصادية اساسية /المشاكل الاقتصادية /علم الاقتصاد و النقود /نظرية تعادل القوة الشرائية /مراحل النظام الاقتصادي الدولي -العلمي الجديد -/افاق العولمة في البلدان النامية /مفهوم واقع العالم الاسلامي /اعادة هيكلة الانظمة الاقتصادية العربية /التجارة الالكترونية /اتفاقية الجات و تحولها الى منظمة التجارة العالمية /نظام النقد الدولي /التحولات الاقتصادية الراهنة و مستقبل التكامل الاقتصادي العربي /التفتعل العربي مع الاقتصاد الدولي /تحديات الاقتصاد الدولي /الاتجاهات الجديدة في النظام العالمي /اهمية و دور الشركات متعددة الجنسيات في النظام الاقتصادي العالمي الجديد | ||
| 653 | _aاقتصاد دولي | ||
| 653 | _aعلم الاقتصاد | ||
| 653 | _aمالية عامة | ||
| 653 | _aمشاكل اقتصادية | ||
| 653 | _aنقود | ||
| 942 | _cكتاب | ||
| 999 |
_c41943 _d41943 |
||